000 00406nam a22001097a 4500
082 _a004
100 _aGuider
_979384
245 _aकम्‍प्‍यूटर जागरूकता अध्‍यायवार एवं वस्‍तुनिष्‍ठ
260 _aदिल्‍ली
_bGuider Competitive Group
_c2020
650 _aकम्‍प्‍यूटर
_979476
942 _cHIN
999 _c63084
_d63084